书目信息 |
| 题名: |
抽样技术及其应用
|
|
| 作者: | 杜子芳 编著 | |
| 分册: | ||
| 出版信息: | 北京 清华大学出版社 2005.8 |
|
| 页数: | XIV,506页 | |
| 开本: | 23cm | |
| 丛书名: | 应用统计学系列教材 | |
| 单 册: | ||
| 中图分类: | C811-43 | |
| 科图分类: | ||
| 主题词: | 抽样调查--chou yang diao cha--技术--高等学校--教材 | |
| 电子资源: | ||
| ISBN: | 7-302-11039-5 | |
| 000 | 01362nam0 2200337 450 | |
| 000 | 01382nam0 2200337 450 | |
| 000 | 01345nam0 2200325 450 | |
| 000 | 01302nam0 2200313 450 | |
| 000 | 01291nam0 2200313 450 | |
| 000 | 01254nam0 2200301 45 | |
| 001 | 012005000000 | |
| 005 | 20051008101010.0 | |
| 010 | @a7-302-11039-5@dCNY46.00 | |
| 100 | @a20051008d2005 em y0chiy0121 ea | |
| 101 | 0 | @achi |
| 102 | @aCN@b110000 | |
| 105 | @afk z 000yy | |
| 200 | 1 | @a抽样技术及其应用@Achou yang ji shu ji qi ying yong@d= Sampling techniques and practices@f杜子芳编著@zeng |
| 210 | @a北京@c清华大学出版社@d2005.8 | |
| 215 | @aXIV,506页@c图@d23cm | |
| 225 | 2 | @a应用统计学系列教材@Aying yong tong ji xue xi lie jiao cai@d= Texts in applied statistics@ezeng |
| 320 | @a有书目 | |
| 330 | @a本书共分9章,第1章介绍了学习抽样理论需要的预备知识;第2章介绍了抽样理论的若干基本概念;第3章到第7章分别对常规的几种抽样方法作了介绍和比较;第8章介绍了实际中觉的非概率抽样方式;第9章是关于与抽样有关的一些问题。 | |
| 333 | @a阅读对象:统计专业本科生、非统计专业研究生等 | |
| 461 | 0 | @12001 @a应用统计学系列教材 |
| 510 | 1 | @aSampling techniques and practices@zeng |
| 606 | 0 | @a抽样调查@Achou yang diao cha@x技术@x高等学校@j教材 |
| 690 | @aC811-43@v4 | |
| 701 | 0 | @a杜子芳@Adu zi fang@4编著 |
| 801 | 0 | @aCN@bSRXX@c20051008 |
| 905 | @a10447@dC811-43@eD890 | |
| 抽样技术及其应用= Sampling techniques and practices/杜子芳编著.-北京:清华大学出版社,2005.8 |
| XIV,506页:图;23cm.-(应用统计学系列教材= Texts in applied statistics:zeng) |
| 使用对象:阅读对象:统计专业本科生、非统计专业研究生等 |
| ISBN 7-302-11039-5:CNY46.00 |
| 本书共分9章,第1章介绍了学习抽样理论需要的预备知识;第2章介绍了抽样理论的若干基本概念;第3章到第7章分别对常规的几种抽样方法作了介绍和比较;第8章介绍了实际中觉的非概率抽样方式;第9章是关于与抽样有关的一些问题。 |
| ● |
| 相关链接 |
|
|
|
正题名:抽样技术及其应用
索取号:C811-43/D890
 
预约/预借
| 序号 | 登录号 | 条形码 | 馆藏地/架位号 | 状态 | 备注 |
| 1 | 548495 | 205484956 | 社科库509/509社科库 55排7列2层/ [索取号:C811-43/D890] | 在馆 | |
| 2 | 548496 | 205484965 | 社科库509/509社科库 55排7列2层/ [索取号:C811-43/D890] | 在馆 | |
| 3 | 548497 | 205484974 | 社科库509/509社科库 55排7列2层/ [索取号:C811-43/D890] | 在馆 |